01256 2200589 4500001002100000008004100021035002000062082000800082084001400090100001900104245004700123250000600170260003300176300001200209650001300221990001200234990001200246990001200258990001200270990001200282990001200294990001200306990001200318990001200330990001200342990001200354990001200366990001200378990001200390990001200402990001200414990001200426990001200438990001200450990001200462990001200474990001200486990001200498990001200510990001200522990001200534990001200546990001200558990001200570990001200582990001200594990001200606990001200618990001200630990001200642990001200654INLIS000000000000815 ind  a0010-0524000050 a574 a574 SRI b aPujiyanto, Sri aBuku Siswa Biologi Kelas XIcSri Pujiyanto a1 aSolo :bTiga Serangkaic2016 a292 hlm aNonFiksi a0740699 a0740700 a0740701 a0740702 a0740703 a0740704 a0740705 a0740706 a0740707 a0740708 a0740709 a0740710 a0740711 a0740712 a0740713 a0740714 a0740715 a0740716 a0740717 a0740718 a0740719 a0740720 a0740721 a0740722 a0740723 a0740724 a0740725 a0740726 a0740727 a0740728 a0740729 a0740730 a0740731 a0740732 a0740733 a0740734